000
00305nam a22001337a 4500
008
181008b xxu||||| |||| 00| 0 eng d
020
_a
0819126594
041
_a
eng
080
_a
101
100
_a
24
101
_a
FIL
245
_a
History Of Philosphy In The Making
_c
Thro.l.j
942
_2
udc
_c
BK
999
_c
49051
_d
49051